|
|
|
|
| LEADER |
00000cam a2200000 a 4500 |
| 001 |
vtls009513844 |
| 003 |
SK-MaSNL |
| 005 |
20260301024802.0 |
| 008 |
240318s2009 xr a f 010 0 cze |
| 020 |
|
|
|a 9788072077120
|q (viaz.)
|
| 040 |
|
|
|a SNK
|b slo
|c SNK
|e AACR2
|
| 041 |
1 |
|
|a cze
|h eng
|
| 044 |
|
|
|a xr
|c CZ
|
| 072 |
|
7 |
|a 2-23/-27
|x Biblia. Biblistika
|2 konspekt
|
| 080 |
|
|
|a 27-274.2
|2 2001
|
| 080 |
|
|
|a 27-23(091)
|2 2001
|
| 080 |
|
|
|a 27-274.4
|2 2001
|
| 080 |
|
|
|a 26-234
|2 2001
|
| 080 |
|
|
|a 26-235
|2 2001
|
| 080 |
|
|
|a 26-236.5
|2 2001
|
| 080 |
|
|
|a 27-236.5
|2 2001
|
| 080 |
|
|
|a 27-277.2
|2 2001
|
| 080 |
|
|
|a 27-277
|2 2001
|
| 080 |
|
|
|a (048.8)
|2 2001
|
| 100 |
1 |
|
|a Pelikán, Jaroslav,
|d 1923-2006
|4 aut
|9 122633
|
| 240 |
1 |
0 |
|a Whose Bible is it?
|l Česky
|
| 245 |
1 |
0 |
|a Komu patří Bible?
|b dějiny Písma v proměnách staletí
|c Jaroslav Pelikan ; [z anglického originálu přeložila Milena Lesná]
|
| 250 |
|
|
|a 1. vyd.
|
| 260 |
|
|
|a Praha
|b Volvox Globator
|c 2009
|
| 300 |
|
|
|a 269 s.
|b ilustr.
|c 21 cm
|
| 630 |
0 |
7 |
|a Biblia
|2 SNKPH
|9 17043
|
| 650 |
0 |
7 |
|a dejiny Biblie
|2 SNKPH
|9 122634
|
| 650 |
0 |
7 |
|a autorstvo Biblie
|2 SNKPH
|9 319434
|
| 650 |
0 |
7 |
|a biblický kánon
|2 SNKPH
|9 79688
|
| 650 |
0 |
7 |
|a biblické preklady
|2 SNKPH
|9 66591
|
| 650 |
0 |
7 |
|a biblické verzie
|2 SNKPH
|9 319435
|
| 650 |
0 |
7 |
|a biblické postavy
|2 SNKPH
|9 4145
|
| 650 |
0 |
7 |
|a biblické udalosti
|2 SNKPH
|9 4157
|
| 650 |
0 |
7 |
|a biblická exegéza
|2 SNKPH
|9 4349
|
| 650 |
0 |
7 |
|a biblická interpretácia
|2 SNKPH
|9 68298
|
| 650 |
0 |
7 |
|a biblické citáty
|2 SNKPH
|9 1914
|
| 650 |
0 |
7 |
|a History of the Bible
|2 SNKPHeng
|9 319436
|
| 650 |
0 |
7 |
|a Authorship of the Bible
|2 SNKPHeng
|9 319437
|
| 650 |
0 |
7 |
|a Canon of the Scripture
|2 SNKPHeng
|9 319438
|
| 650 |
0 |
7 |
|a Biblical translations
|2 SNKPHeng
|9 302901
|
| 650 |
0 |
7 |
|a Biblical versions
|2 SNKPHeng
|9 319439
|
| 650 |
0 |
7 |
|a Bible persons
|2 SNKPHeng
|9 276269
|
| 650 |
0 |
7 |
|a Biblical events
|2 SNKPHeng
|9 294650
|
| 650 |
0 |
7 |
|a Biblical exegesis
|2 SNKPHeng
|9 302426
|
| 650 |
0 |
7 |
|a Biblical interpretation
|2 SNKPHeng
|9 302425
|
| 650 |
0 |
7 |
|a Biblical quotations
|2 SNKPHeng
|9 268253
|
| 655 |
|
7 |
|a monografie
|2 SNKPH
|9 70139
|
| 655 |
|
7 |
|a Monographs
|2 SNKPHeng
|9 120675
|
| 700 |
1 |
|
|a Lesná, Milena
|4 trl
|9 319440
|
| 919 |
|
|
|a 978-80-7207-712-0
|
| 999 |
|
|
|c 571813
|d 573743
|
| 952 |
|
|
|t snkPEL 22(091)
|a SNKUST
|b SNKUST
|y PREZ
|7 0
|p 17A0570694
|o snkIC 137843
|i snk2009/9907
|8 3
|g 12.93
|0 0
|1 0
|4 0
|d 2009-06-03
|l 0
|r 2025-03-19 00:00:00
|w 2026-02-23
|